000 00377nam a2200157 i 4500
001 bg
100 1 _aCOLIN, Andrew J. T.
245 0 _aProgramming and problem-solving in Algol 68 /
_cJ.T. Andrew Colin.
260 _aLondon,
_c1978.
630 0 9 _aALGOL
040 _cBPK
041 _apol
080 _a519.682
942 _cKS
008 s pl f |000 0 pol
999 _c18280
_d18280
856 _uhttp://koha.tu.koszalin.pl/cgi-bin/koha/opac-detail.pl?biblionumber=18280
_yKatalog online BPK